World Capitals Closest to Anchorage - One Minute Sprint - Statistics

General Stats
  • This quiz has been taken 41 times
  • The average score is 11 of 24
Answer Stats
km capital miles % Correct
4926 Ottawa 3061
95%
5414 Washington 3364
89%
6083 Mexico City 3780
84%
5568 Tokyo 3460
84%
6070 Seoul 3772
78%
6392 Beijing 3972
68%
6000 Pyongyang 3728
65%
6588 Havana 4094
62%
6980 Guatemala City 4337
59%
5427 Reykjavik 3373
43%
6094 Ulaanbaatar 3787
43%
4521 Nuuk 2809
38%
6811 Belmopan 4232
35%
6450 Oslo 4008
35%
6520 Helsinki 4052
30%
6576 Stockholm 4086
30%
6664 Nassau 4141
27%
6934 Copenhagen 4309
24%
6885 Dublin 4278
24%
6872 Riga 4270
16%
5968 Tórshavn 3708
16%
6996 Astana 4347
11%
6599 Tallinn 4100
11%
6818 Majuro 4237
8%
No matching quizzes found
Score Distribution
Percent of People with Each Score
Percentile by Number Answered
Your Score History
You have not taken this quiz